Statistics for Satellite Images Quiz #1

Click here to take the quiz!

General Stats

  • This quiz has been taken 71,490 times
    (57,639 since last reset)
  • The average score is 13 of 17

Answer Stats

Answer % Correct
Australia
98%
Italy
98%
Mexico
97%
Iceland
92%
Madagascar
85%
Cuba
83%
Michigan
83%
Philippines
79%
Denmark
79%
Washington
78%
Red Sea
78%
Caribbean Sea
75%
Black Sea
73%
Cyprus
70%
Baja California
58%
Himalayas
49%
San Francisco
44%

Score Distribution

Percentile by Number Answered

Percent of People with Each Score

Your Score History

You have not taken this quiz since the last reset